000 00618nam a22001817a 4500
005 20251108164154.0
008 250721s1995 xx 000 0 ara d
082 1 4 _a342.565/غزو
100 1 _aغزوي، محمد سليم محمد
245 1 0 _aالوجيز في التنظيم السياسي و الدستوري للملكه الأردنية الهاشمية /
250 _aط4.، مزيده و منقحه
264 1 _aعمان :
_bمكتبة دار الثقافه،
_c1995.
300 _a266ص.
650 1 7 _aالأردن
650 1 7 _aالقانون الدستوري
942 _2ddc
_cBK
999 _c5441
_d5441